Escalações da dupla Grenal em Semifinais de Libertadores - Statistics

Estatísticas Gerais
  • Esse quiz foi jogado 9 vezes
  • A pontuação média é 26 de 48
Estatísticas das Respostas
Fluminense 2x2 Inter 2023
Semifinal - Ida
Jogador Flamengo 5x0 Grêmio 2019
Semifinal - Volta
% Correto
CA (Equador) E. Valencia
100%
E. Valencia
100%
SA (Brasil) Alan Patrick
88%
VOL (Chile) Aránguiz
88%
Aránguiz
88%
Everton
88%
ZAG (Argentina) G. Mercado
88%
G. Mercado
88%
Kannemann
88%
GOL (Uruguai) S. Rochet Kannemann
88%
S. Rochet
88%
Alan Patrick
75%
Bruno Cortez
75%
Geromel
75%
VOL (EUA) Johnny Cardoso
75%
Johnny Cardoso
75%
Paulo Victor
75%
ZAG (Brasil) Vitão
75%
Vitão
75%
SUB: MC (Brasil) B. Henrique
63%
B. Henrique
63%
LD (Espanha) H. Mallo
63%
H. Mallo
63%
Luan
63%
MD (Brasil) Maurício
63%
Maurício
63%
Pepê
63%
LE (Brasil) Renê
63%
Renê
63%
C. de Pena
38%
Maicon
38%
Matheus Henrique
38%
ME (Brasil) Wanderson
38%
Wanderson
38%
André
25%
SUB: LE (Brasil) Dalbert
25%
Diego Tardelli
25%
SUB: CA (Brasil) Lucca
25%
Lucca
25%
Luiz Adriano
25%
Paulo Miranda
25%
Alisson
13%
David Braz
13%
Michel
13%
SUB: VOL (Brasil) Rômulo
13%
SUB: ZAG (Brasil) I. Gomes
0%
Rafael Galhardo
0%
Thaciano
0%
Nenhum quiz correspondente encontrado
Distribuição das Pontuações
Porcentagem de Pessoas com Cada Pontuação
Percentil de Números Respondidos
Sua Pontuação Histórica
Você não jogou esse quiz